Αποχευτεύσεις εγκαταστάσεις καθαρισμού λυμάτων - αποβλήτων

Αποθηκεύτηκε σε:
Λεπτομέρειες βιβλιογραφικής εγγραφής
Κύριος συγγραφέας: Κόλλιας, Παναγιώτης Σ.
Μορφή: Βιβλίο
Γλώσσα:Greek
Δημοσίευση: Αθήναι :
Θέματα:
Ετικέτες: Προσθήκη ετικέτας
Δεν υπάρχουν, Καταχωρήστε ετικέτα πρώτοι!

MARC

LEADER 00000nam a2200000 i 4500
001 1/81262
008 961022s1985 gre d
035 |l 10005265 
040 |a GR-MY-UA  |b gre  |e aacr 
041 0 |a gre 
082 0 |a 628 
100 1 |a Κόλλιας, Παναγιώτης Σ. 
245 1 0 |a Αποχευτεύσεις εγκαταστάσεις καθαρισμού λυμάτων - αποβλήτων /  |c Παναγιώτης Σ. Κόλλιας 
260 |a Αθήναι :  
300 |a 574 σ. 
650 0 0 |a Sewerage. 
650 0 0 |a Sewage. 
650 0 0 |a Sewage disposal plants. 
650 0 0 |a Sewage  |x Purification. 
852 |a INST  |b LESVOS  |e 19961022  |h 628 ΚΟΛ  |p 005100009068  |q 005100009068  |t BK  |y 0 
909 |a Λ  |b 007131